Understanding mysteries of the mind : (Record no. 63969)

MARC details
000 -LEADER
fixed length control field 00604nam a22001577a 4500
005 - DATE AND TIME OF LATEST TRANSACTION
control field 20181106164139.0
010 ## - LCCN (DPL NO)
LC control number B-160668
020 ## - INTERNATIONAL STANDARD BOOK NUMBER
International Standard Book Number 812460259X
Terms of availability 425.00
035 ## - SYSTEM CONTROL NUMBER
System control number B-160666, B-160668
037 ## - SOURCE OF ACQUISITION
Stock number DPL
Source of stock number/acquisition ENG
100 ## - MAIN ENTRY--PERSONAL NAME
Personal name Vanvari, Nandlal
245 ## - TITLE STATEMENT
Title Understanding mysteries of the mind :
Remainder of title Focus on telepathy, clairvoyance, psychometry, superstitions, hypnotism, paranormal phenomenon, astral travelling, black magic and dreams /
Statement of responsibility, etc by Nandlal Vanvari
260 ## - PUBLICATION, DISTRIBUTION, ETC. (IMPRINT)
Place of publication, distribution, etc New Delhi
Name of publisher, distributor, etc D.K. Printworld (P) Ltd.
Date of publication, distribution, etc 2004
300 ## - PHYSICAL DESCRIPTION
Extent viii, 271p.
Dimensions 23 cms.
942 ## - ADDED ENTRY ELEMENTS (KOHA)
Source of classification or shelving scheme Dewey Decimal Classification
Item type English Books
Classification part 133.8
Call number suffix VAN
Holdings
Withdrawn status Lost status Not for loan Collection code Home library Current library Date acquired Cost, normal purchase price Full call number Barcode Cost, replacement price Koha item type Source of acquisition
      Non-fiction Sarojini Nagar Sarojini Nagar 12/03/2012 425.00 133.8 VAN B-160666 425.00 English Books  
      Non-fiction Yojana Vihar Yojana Vihar 06/11/2018 425.00 133.8 VAN B-160668 425.00 English Books BPPD/PUB

© Delhi Public Library
Hit Counter
free hit counter